Sports Quiz

Random Sports or Football Quiz

NFL Sack Leaders (2010) Quiz Stats

 Plays Quiz not verified by Sporcle

Support Sporcle.
Go Orange.
Score 0/38 Timer 06:00
0 Plays Today
# of Sacks Player % Correct
15.5DeMarcus Ware
100%
11.0Jared Allen
94.5%
13.5Clay Matthews
93.2%
10.0Dwight Freeney
91.8%
11.5Justin Tuck
90.4%
11.0Robert Mathis
90.4%
10.0Ndamukong Suh
89%
13.0John Abraham
86.3%
11.0Terrell Suggs
86.3%
10.5James Harrison
86.3%
8.0Julius Peppers
83.6%
8.5Mario Williams
82.2%
14.0Cameron Wake
74%
14.5Tamba Hali
69.9%
11.5Osi Umenyiora
68.5%
10.0LaMarr Woodley
67.1%
8.5Chris Long
64.4%
6.5B.J. Raji
63%
11.5Charles Johnson
61.6%
# of Sacks Player % Correct
8.5Justin Smith
61.6%
10.0Trent Cole
58.9%
8.5Brian Orakpo
54.8%
12.5Jason Babin
52.1%
11.0Shaun Phillips
52.1%
7.0Cullen Jenkins
45.2%
8.0Ray Edwards
43.8%
8.5Cliff Avril
31.5%
9.0Kamerion Wimbley
27.4%
9.5Carlos Dunlap
26%
11.0Chris Clemons
23.3%
10.5James Hall
19.2%
8.0Israel Idonije
13.7%
7.0Tommy Kelly
13.7%
9.0Raheem Brock
12.3%
7.5Marcus Benard
5.5%
7.0Matt Shaughnessy
5.5%
7.0Wallace Gilberry
4.1%
7.0Dave Ball
2.7%

You're not logged in!

Compare scores with friends on all Sporcle quizzes.
OR
Log In

From the Vault

Wrong Answer Roulette: Science

by druhutch

What can you go wrong if you gamble with science?
Remove Ads.
Support Sporcle.
Get the best of Sporcle when you Go Orange. This ad-free experience offers more features, more stats, and more fun while also helping to support Sporcle. Thank you for becoming a member.

Show Comments

Extras

Top Quizzes Today


Score Distribution

Your Account Isn't Verified!

In order to create a playlist on Sporcle, you need to verify the email address you used during registration. Go to your Sporcle Settings to finish the process.

Report this User

Report this user for behavior that violates our Community Guidelines.

Details: